Normal view
MARC view
- Operations research
Entry Topical Term
001 - CONTROL NUMBER
- control field: 85136
003 - CONTROL NUMBER IDENTIFIER
- control field: NUST
005 - DATE AND TIME OF LATEST TRANSACTION
- control field: 20211125115016.0
008 - FIXED-LENGTH DATA ELEMENTS
- fixed length control field: 211125|| aca||aabn | a|a d
040 ## - CATALOGING SOURCE
- Original cataloging agency: NUST
- Transcribing agency: NUST
150 ## - HEADING--TOPICAL TERM
- Topical term or geographic name entry element: Operations research
670 ## - SOURCE DATA FOUND
- Source citation: Work cat.: (NUST)32491: Jensen, Paul A., 1936- 85135, Operations research :, c2003.
